Statistics for Call of Duty 4: Modern Warfare - Countries

Click here to take the quiz!

General Stats

  • This quiz has been taken 69 times
  • The average score is 15 of 19

Answer Stats

MissionsCountry% Correct
Act IIIRussia
98%
Act II Russia
98%
Act IRussia
98%
Act III Russia
98%
Act III Russia
98%
Act I Russia
98%
Act I Russia
98%
Act III Russia
98%
PrologueUnited Kingdom
92%
Act II Ukraine
69%
Act II Ukraine
69%
Act I Iran
63%
Act I Iran
63%
PrologueSaudi Arabia
63%
Act I Saudi Arabia
63%
Act I Saudi Arabia
63%
Act I Saudi Arabia
63%
Act II Azerbaijan
49%
Act II Azerbaijan
49%

Score Distribution

Percentile by Number Answered

Percent of People with Each Score

Your Score History

You have not taken this quiz